Score 0/16 Timer 01:30
1 Play Today
Hint 4-Letter Word % Correct
Payment to cross a bridgeTOLL
93.6%
To informTELL
93.5%
Blue-green colorTEAL
93.1%
πŸ– '___. It's what's for dinner.' πŸ–πŸ–BEEFπŸ–
90.2%
Actual or trueREAL
90.2%
Wind in fishing lineREEL
88.7%
Marine habitatREEF
86.2%
🐷 '___. The other white meat.' 🐷🐷PORK🐷
84.6%
Hint 4-Letter Word % Correct
Stacked bedBUNK
84.2%
Hit on the headBONK
75.5%
Hit without swingingBUNT
74.9%
CurvedBENT
74.2%
Cotton seed capsuleBOLL
72.9%
Rejected Reagan SC nominee RobertBORK
69.8%
To flee suddenlyBOLT
69.5%
Drive, asteroid, or leather, e.g.BELT
68.7%

Today's Daily Dose

Quick Pick
Colorful Movies

Get the Picture
Dog Breeds II

Remove Ads.
Support Sporcle.
Get the best of Sporcle when you Go Orange. This ad-free experience offers more features, more stats, and more fun while also helping to support Sporcle. Thank you for becoming a member.

You're not logged in!

Compare scores with friends on all Sporcle quizzes.
OR
Log In

Show Comments

Extras

Top Quizzes Today


Score Distribution

Your Account Isn't Verified!

In order to create a playlist on Sporcle, you need to verify the email address you used during registration. Go to your Sporcle Settings to finish the process.

Report this User

Report this user for behavior that violates our Community Guidelines.

Details: